000 00929cab a22001935a 4500
001 L143498
008 080514s2008 xxk f 000 0 eng d
035 _a(Sirsi) u143498
041 0 _aeng
100 1 _aMenary, Steve
245 0 0 _aWeather report
260 _c2008
490 _aHousebuilder
_v67(5) May 2008, 22-24(3)
520 _aProvides an overview of recent market figures. Warns that the market is changing and declining at such a rapid pace that many relatively recent results are already out of date. Housebuilders are reporting significant falls in margins. Argues that this housing slump differs from the last in 1989 because that period was also associated with high interest rates and unemployment levels. Includes a review of annual and interim results from major firms.
590 _aKA
651 4 _aUnited Kingdom
_y
690 _aPROPERTY-RESIDENTIAL PROPERTY-RESIDENTIAL PROPERTY MARKET
942 _n0
999 _c80209
_d80209